00831nam a2200193 4500010001300000020002300013035001300036037001800049040001200067082001300079110007800092245015000170260009700320270009100417300002800508650002500536650003000561650004600591 aB-031634 a8123009291c350.00 aB-031634 bCen Lib / Ret aDPLbEN a080bPRE b India. Ministry of Information and Broadcasting. Publications Division. aPresidents speak to the nation :brepublic day speeches 1950-2000 /cby India. Ministry of Information and Broadcasting. Publications Division. aDelhibPublications Division, Ministry of Information and Broadcasting, Govt. of Indiac2000 aPublications Division, Ministry of Information and Broadcasting, Govt. of IndiabDelhi a257p :bill ;c27cm(Hb) aPresidents -- India. aSpeeches, addresses, etc. aIndia -- Politics and government -- 1947-